000 02309nam0a2200397 4500
001 RU\NLR\bibl\984672
005 20260406083255.0
010 _a5-17-038030-5
_bООО "Изд-во АСТ"
010 _a5-9725-0521-5
_bООО "Астрель-СПб"
_95000
021 _aRU
_b2006-44602
_92232
035 _a(nilc)RSL-KNO-002912841
035 _a(NLR Aleph) 000972545
090 _a408400
_c408400
100 _a20060809d2006 |||y0rusy50 ca
101 0 _arus
102 _aRU
105 _aa |||||||||
106 _ar
200 1 _aТонна анекдотов про новых русских
_f[сост. Р. Трахтенберг]
210 _aМосква
_aСанкт-Петербург
_cАСТ
_cАстрель-СПб
_d2006
_eРыбинск
_gРыбинский Дом печати
215 _a381 с.
_cил.
_d21
225 1 _aОт Трахтенберга
300 _aНа корешке : 1000 анекдотов от Трахтенберга
300 _aНа обороте тит. л. загл. сер.: Анекдоты от Романа Трахтенберга
610 0 _aФилологические науки. Художественная литература -- Российская Федерация -- Русская литература -- с сер. 50-х гг. 20 в. -- Произведения художественной литературы -- Сатира и юмор -- Анекдоты -- Сборники разных авторов
610 0 _aФилологические науки. Художественная литература -- Фольклор. Фольклористика -- Российская Федерация -- Фольклор восточных славян -- Русский фольклор -- Произведения фольклора и их исследования -- Сатира и юмор -- Тексты
686 _aШ3(2=1Р)-670
_2rubbk
686 _aШ5(2=Р)75-674.2я43
_2rubbk
686 _aШ3(2=1Р)72-670
702 1 _4220
_8rus
_7ca
_aТрахтенберг
_bР. Л.
_f1968-2009
_gРоман Львович
_3RU\NLR\auth\7749526
_932461
801 0 _aRU
_bРКП
_c20060809
_grcr
801 1 _aRU
_bРГБ
_c20060809
801 2 _aRU
_bNLR
_c20060918
_grcr
942 _cBOOK
980 _aNB